000 00325pam a2200133a 44500
008 230405s2004 xxu||||| |||| 00| 0 eng d
041 _aENG
100 _aP S KALSI
245 _aSPECTROSCOPY OF ORAGANIC COMPOUNDS
250 _a6
260 _aNEW YORK
_bJOHN WILLY & SONS NEW YORK
_c2004
300 _a631
906 _a3917
999 _c279188
_d279188